<?xml version="1.0" encoding="UTF-8"?>
<record
    xmlns:xsi="http://www.w3.org/2001/XMLSchema-instance"
    xsi:schemaLocation="http://www.loc.gov/MARC21/slim http://www.loc.gov/standards/marcxml/schema/MARC21slim.xsd"
    xmlns="http://www.loc.gov/MARC21/slim">

  <leader>01772nam a2200289 a 4500</leader>
  <controlfield tag="001">000030431</controlfield>
  <controlfield tag="005">20200930062317.0</controlfield>
  <controlfield tag="008">110517s2011    dr ac         001 0 spa d</controlfield>
  <datafield tag="020" ind1=" " ind2=" ">
    <subfield code="a">9789945164138</subfield>
  </datafield>
  <datafield tag="040" ind1=" " ind2=" ">
    <subfield code="a">DO-SdBNP</subfield>
    <subfield code="b">spa</subfield>
    <subfield code="c">BNPHU</subfield>
  </datafield>
  <datafield tag="082" ind1=" " ind2=" ">
    <subfield code="a">338.474</subfield>
    <subfield code="b">S715p</subfield>
  </datafield>
  <datafield tag="100" ind1="1" ind2=" ">
    <subfield code="a">Sosa, Jos&#xE9; Rafael</subfield>
    <subfield code="9">64</subfield>
  </datafield>
  <datafield tag="245" ind1="1" ind2="0">
    <subfield code="a">Parqueo nuestro de cada d&#xED;a /</subfield>
    <subfield code="c">Jos&#xE9; Rafael Sosa ; colaboradores Omar Rancier, Marcos Barinas, Jos&#xE9; Emilio Brea Garc&#xED;a, Leyda Brea y Lorenzo G&#xF3;mez Mart&#xED;n.</subfield>
  </datafield>
  <datafield tag="260" ind1=" " ind2=" ">
    <subfield code="a">Santo Domingo :</subfield>
    <subfield code="b">Alas,</subfield>
    <subfield code="c">2011.</subfield>
  </datafield>
  <datafield tag="300" ind1=" " ind2=" ">
    <subfield code="a">127 p.</subfield>
    <subfield code="a">il., retrs. ;</subfield>
    <subfield code="c">22 cm.</subfield>
  </datafield>
  <datafield tag="505" ind1="0" ind2=" ">
    <subfield code="t">Oraci&#xF3;n del buen parqueo --</subfield>
    <subfield code="t">Introito: Cuando me estaciono --</subfield>
    <subfield code="t">Previo a todo --</subfield>
    <subfield code="t">Pr&#xF3;logo: &#xBF;Estacionar o parquear? /</subfield>
    <subfield code="r">Jos&#xE9; Emilio Brea Garc&#xED;a --</subfield>
    <subfield code="t">Getting there is half the fun /</subfield>
    <subfield code="r">Marcos Barinas --</subfield>
    <subfield code="t">Estacionemos /</subfield>
    <subfield code="r">Omar Rancier --</subfield>
    <subfield code="t">Violencia psicol&#xF3;gica y urbana: la lucha por el parqueo adopta formas, a veces, absurda --</subfield>
    <subfield code="t">Los parqueos privados: los mejores, los peores --</subfield>
    <subfield code="t">15 tipos de parquedores: &#xBF;Son un mal necesario? --</subfield>
    <subfield code="t">Testimonios: Cuando el parqueo es una pesadilla --</subfield>
    <subfield code="t">"No somos responsables":&#xBF;Si o no son responsables...? --</subfield>
    <subfield code="t">Para aprender a estacionar: Dec&#xE1;logo para aprender a parquear --</subfield>
    <subfield code="t">La inspiraci&#xF3;n al conducir --</subfield>
    <subfield code="g">Documentos anexos:</subfield>
    <subfield code="t">La ideolog&#xED;a social del autom&#xF3;vil --</subfield>
    <subfield code="t">Una soluci&#xF3;n legislativa.</subfield>
  </datafield>
  <datafield tag="590" ind1=" " ind2=" ">
    <subfield code="a">Inventariado,2018/DG</subfield>
  </datafield>
  <datafield tag="650" ind1=" " ind2="4">
    <subfield code="a">Servicios de parqueo</subfield>
    <subfield code="9">57062</subfield>
  </datafield>
  <datafield tag="650" ind1=" " ind2="4">
    <subfield code="a">Estacionamiento de autom&#xF3;viles</subfield>
    <subfield code="9">57063</subfield>
  </datafield>
  <datafield tag="650" ind1=" " ind2="4">
    <subfield code="a">Parqueaderos</subfield>
    <subfield code="9">57064</subfield>
  </datafield>
  <datafield tag="700" ind1="1" ind2=" ">
    <subfield code="a">Rancier, Omar,</subfield>
    <subfield code="e">col.</subfield>
    <subfield code="9">57065</subfield>
  </datafield>
  <datafield tag="700" ind1="1" ind2=" ">
    <subfield code="a">Barinas, Marcos,</subfield>
    <subfield code="e">col.</subfield>
    <subfield code="9">57066</subfield>
  </datafield>
  <datafield tag="700" ind1="1" ind2=" ">
    <subfield code="a">Brea Garc&#xED;a, Jos&#xE9; Emilio,</subfield>
    <subfield code="e">col.</subfield>
    <subfield code="9">57067</subfield>
  </datafield>
  <datafield tag="700" ind1="1" ind2=" ">
    <subfield code="a">Brea, Leyda,</subfield>
    <subfield code="e">col.</subfield>
    <subfield code="9">57068</subfield>
  </datafield>
  <datafield tag="700" ind1="1" ind2=" ">
    <subfield code="a">G&#xF3;mez Mar&#xED;n, Lorenzo,</subfield>
    <subfield code="e">col.</subfield>
    <subfield code="9">19763</subfield>
  </datafield>
  <datafield tag="910" ind1=" " ind2=" ">
    <subfield code="a">Validado. Control de calidad EMS</subfield>
  </datafield>
  <datafield tag="952" ind1=" " ind2=" ">
    <subfield code="0">0</subfield>
    <subfield code="1">0</subfield>
    <subfield code="5">4</subfield>
    <subfield code="7">0</subfield>
    <subfield code="8">DS</subfield>
    <subfield code="a">GR</subfield>
    <subfield code="b">GR</subfield>
    <subfield code="c">HD</subfield>
    <subfield code="d">2011-05-17</subfield>
    <subfield code="i">LF1</subfield>
    <subfield code="l">0</subfield>
    <subfield code="o">338.474 S715p</subfield>
    <subfield code="p">30431-30</subfield>
    <subfield code="r">2020-06-25</subfield>
    <subfield code="t">e. 3</subfield>
    <subfield code="w">2020-06-25</subfield>
    <subfield code="y">LFDS</subfield>
    <subfield code="Z">Pr&#xE9;stamo en sala</subfield>
  </datafield>
  <datafield tag="952" ind1=" " ind2=" ">
    <subfield code="0">0</subfield>
    <subfield code="1">0</subfield>
    <subfield code="5">4</subfield>
    <subfield code="7">0</subfield>
    <subfield code="8">DS</subfield>
    <subfield code="a">GR</subfield>
    <subfield code="b">GR</subfield>
    <subfield code="c">HD</subfield>
    <subfield code="d">2011-11-16</subfield>
    <subfield code="i">LF1</subfield>
    <subfield code="l">0</subfield>
    <subfield code="o">338.474 S715p</subfield>
    <subfield code="p">30431-40</subfield>
    <subfield code="r">2020-06-25</subfield>
    <subfield code="t">e. 4</subfield>
    <subfield code="w">2020-06-25</subfield>
    <subfield code="y">LFDS</subfield>
    <subfield code="Z">Pr&#xE9;stamo en sala</subfield>
  </datafield>
  <datafield tag="952" ind1=" " ind2=" ">
    <subfield code="0">0</subfield>
    <subfield code="1">0</subfield>
    <subfield code="5">4</subfield>
    <subfield code="7">0</subfield>
    <subfield code="8">DS</subfield>
    <subfield code="a">GR</subfield>
    <subfield code="b">GR</subfield>
    <subfield code="c">HD</subfield>
    <subfield code="d">2011-11-16</subfield>
    <subfield code="i">LF1</subfield>
    <subfield code="l">0</subfield>
    <subfield code="o">338.474 S715p</subfield>
    <subfield code="p">30431-50</subfield>
    <subfield code="r">2020-06-25</subfield>
    <subfield code="t">e. 5</subfield>
    <subfield code="w">2020-06-25</subfield>
    <subfield code="y">LFDS</subfield>
    <subfield code="Z">Pr&#xE9;stamo en sala</subfield>
  </datafield>
  <datafield tag="952" ind1=" " ind2=" ">
    <subfield code="0">0</subfield>
    <subfield code="1">0</subfield>
    <subfield code="7">1</subfield>
    <subfield code="8">PD</subfield>
    <subfield code="a">PD</subfield>
    <subfield code="b">PD</subfield>
    <subfield code="c">HD</subfield>
    <subfield code="d">2011-05-17</subfield>
    <subfield code="i">LF1</subfield>
    <subfield code="l">0</subfield>
    <subfield code="o">338.474 S715p</subfield>
    <subfield code="p">30431-10</subfield>
    <subfield code="r">2020-06-25</subfield>
    <subfield code="w">2020-06-25</subfield>
    <subfield code="y">LFPD</subfield>
    <subfield code="Z">No se presta</subfield>
  </datafield>
  <datafield tag="952" ind1=" " ind2=" ">
    <subfield code="0">0</subfield>
    <subfield code="1">0</subfield>
    <subfield code="7">1</subfield>
    <subfield code="8">PD</subfield>
    <subfield code="a">PD</subfield>
    <subfield code="b">PD</subfield>
    <subfield code="c">HD</subfield>
    <subfield code="d">2011-05-17</subfield>
    <subfield code="i">LF1</subfield>
    <subfield code="l">0</subfield>
    <subfield code="o">338.474 S715p</subfield>
    <subfield code="p">30431-20</subfield>
    <subfield code="r">2020-06-25</subfield>
    <subfield code="t">e. 2</subfield>
    <subfield code="w">2020-06-25</subfield>
    <subfield code="y">LFPD</subfield>
    <subfield code="Z">No se presta</subfield>
  </datafield>
  <datafield tag="999" ind1=" " ind2=" ">
    <subfield code="c">29923</subfield>
    <subfield code="d">29923</subfield>
  </datafield>
</record>
